000
00312nam a2200157Ia 4500
100
_a
Vanhelsuwe/Laurance
250
_a
2
942
_c
BK
654
_a
Computer
245
_a
Mastering Java 1.1.
260
_b
B.P.B.
_c
1997
082
_a
005.13 (J)
300
_a
1049
546
_a
ENGLISH
999
_c
22683
_d
22683